| 000 | 00550nam a2200217 a 4500 | ||
|---|---|---|---|
| 005 | 20140311163005.0 | ||
| 008 | 040619s19uu xx 00 eng d | ||
| 020 | _a971513176 | ||
| 050 |
_aKPM 1079 _b.T374 2002 |
||
| 245 | _aThe Philippine nursing act of 2002/. | ||
| 260 |
_aManila, Philippines : _bEducational Publishing House, _c2002. |
||
| 300 |
_a55 p. : _c23 cm. |
||
| 521 | _aNUR | ||
| 650 | _aNursing law. | ||
| 942 |
_cBK _2lcc _kFOR |
||
| 999 |
_c39296 _d39296 |
||